Principles of data mining (Record no. 135191)

MARC details
000 -LEADER
fixed length control field 00351nam a2200145Ia 4500
008 - FIXED-LENGTH DATA ELEMENTS--GENERAL INFORMATION
fixed length control field 230917s9999||||xx |||||||||||||| ||und||
040 ## - CATALOGING SOURCE
-- 126101
Original cataloging agency VIVEKANANDA LIBRARY
041 ## - Language
-- English
082 ## - DDC NUMBER
Classification number 005.74 H192P
100 ## - MAIN ENTRY--PERSONAL NAME
Personal name Hand , David
245 #0 - TITLE STATEMENT
Title Principles of data mining
260 ## - PUBLICATION, DISTRIBUTION, ETC. (IMPRINT)
Place of publication, distribution, etc New Delhi
Name of publisher, distributor, etc PHI Learning
Date of publication, distribution, etc 2001
300 ## - PHYSICAL DESCRIPTION
Pages 546 p.
942 ## - ADDED ENTRY ELEMENTS (KOHA)
Koha item type Books
Holdings
Withdrawn status Lost status Damaged status Not for loan Location (home branch) Sublocation or collection (holding branch) Date acquired Koha issues (times borrowed) Koha full call number Accession No. Koha date last seen Koha item type Shelving location
        VIVEKANANDA LIBRARY VIVEKANANDA LIBRARY 08/12/2006   005.74 H192P 235027 17/09/2023 Books  
        VIVEKANANDA LIBRARY VIVEKANANDA LIBRARY 08/12/2006   005.74 H192P 235028 17/09/2023 Books UIET Library
        VIVEKANANDA LIBRARY VIVEKANANDA LIBRARY 08/12/2006   005.74 H192P 270621 17/09/2023 Books UIET Library
        VIVEKANANDA LIBRARY VIVEKANANDA LIBRARY 08/12/2006   005.74 H192P 270622 17/09/2023 Books UIET Library
        VIVEKANANDA LIBRARY VIVEKANANDA LIBRARY 08/12/2006   005.74 H192P 270623 17/09/2023 Books UIET Library
        VIVEKANANDA LIBRARY VIVEKANANDA LIBRARY 08/12/2006   005.74 H192P 270624 17/09/2023 Books UIET Library
        VIVEKANANDA LIBRARY VIVEKANANDA LIBRARY 08/12/2006   005.74 H192P 270625 17/09/2023 Books UIET Library
        VIVEKANANDA LIBRARY VIVEKANANDA LIBRARY 08/12/2006   005.74 H192P 286241 17/09/2023 Books UIET Library
        VIVEKANANDA LIBRARY VIVEKANANDA LIBRARY 08/12/2006   005.74 H192P 286242 17/09/2023 Books UIET Library
        VIVEKANANDA LIBRARY VIVEKANANDA LIBRARY 08/12/2006   005.74 H192P 286243 17/09/2023 Books UIET Library
        VIVEKANANDA LIBRARY VIVEKANANDA LIBRARY 08/12/2006   005.74 H192P 286244 17/09/2023 Books UIET Library
© Designed and Maintained by Vivekananda Library, MDU Rohtak